000 00305nam a22001457a 4500
003 SGT
020 _a9789391787417
082 _a343.099
_bSIN
100 _aSINGH RATTAN
245 _aLAW AND MEDIA
250 _a1
260 _aFARIDABAD
_bALLAHABAD LAW AGENCY
_c2022
300 _a174
942 _2ddc
_cBK
999 _c34074
_d34074